Equipe de France de football à l'Euro 2020 - Statistiques

Statistiques générales
  • Ce quiz a été pris 14 042 fois
  • Le résultat moyen est 22 sur 26
Statistiques - réponses
Poste Club Joueur % Correct
Gardien de but Tottenham Hotspur Hugo Lloris
100%
Attaquant Paris Saint-Germain Kylian Mbappé
98%
Gardien de but Olympique de Marseille Steve Mandanda
97%
Attaquant FC Barcelone Antoine Griezmann
96%
Milieu de terrain Chelsea N'Golo Kanté
96%
Milieu de terrain Manchester United Paul Pogba
96%
Attaquant Real Madrid Karim Benzema
95%
Attaquant FC Barcelone Ousmane Dembélé
93%
Défenseur Paris Saint-Germain Presnel Kimpembe
92%
Défenseur Real Madrid Raphaël Varane
92%
Milieu de terrain Juventus Adrien Rabiot
91%
Défenseur Bayern Munich Benjamin Pavard
90%
Attaquant Bayern Munich Kingsley Coman
90%
Défenseur Bayern Munich Lucas Hernandez
90%
Gardien de but LOSC Lille Mike Maignan
90%
Défenseur FC Séville Jules Koundé
87%
Défenseur Everton Lucas Digne
85%
Attaquant Chelsea Olivier Giroud
85%
Attaquant Borussia Mönchengladbach Marcus Thuram
83%
Milieu de terrain Atlético de Madrid Thomas Lemar
81%
Attaquant AS Monaco Wissam Ben Yedder
80%
Milieu de terrain Bayern Munich Corentin Tolisso
79%
Défenseur FC Barcelone Clément Lenglet
73%
Défenseur Olympique Lyonnais Léo Dubois
57%
Milieu de terrain Tottenham Hotspur Moussa Sissoko
54%
Défenseur Chelsea Kurt Zouma
46%
Aucun quiz correspondant
Distribution des résultats
% des personnes avec chaque résultat
Percentile par nombre de réponses
Votre historique - résultats
Vous n’avez pas pris ce quiz